00973nam a2200265 i 4500003000900000005001700009007000300026008004100029020001800070040003100088041000800119082001900127100003900146245010000185264007500285300002800360336002700388337003500415338003000450500004700480700005500527700004300582700004000625700004200665DO-SdBNP20250421142856.0ta250421b2023 dr ||||| |||| 00| 0 spa d a9789945654745 aDO-SdBNPbspacBNPHU erda aspa 4axxxbG146p2221 aGalán, Alma d1957-eautor4aut.10aPentágono de cuentos /cFrancisco Herrera, Franklin Gómez, Manuel Peña, Virginia Herrera. 4aSanto Domingo, República Dominicana :bEditorial Santuario,c©2023. a92 páginas ;c23 cm.  atextobtxt2rdacontent asin mediación bn2rdamedia  avolumen bnc2rdacarrier aIncluye datos biográficos de los autores1 aHerrera Catalino, Francisco A.d1956-eautor4aut.1 aGómez, Franklin d1975-eautor4aut.1 aPeña, Manuel d1958-eautor4aut.1 aHerrera, Virginiad1985-eautor4aut.